| 000 -CABECERA |
| Campo de control de longitud fija |
02746nam a22004097a 4500 |
| 003 - IDENTIFICADOR DEL NÚMERO DE CONTROL |
| Campo de control |
OSt |
| 005 - FECHA Y HORA DE LA ÚLTIMA TRANSACCIÓN |
| Campo de control |
20260423184758.0 |
| 008 - CÓDIGOS DE INFORMACIÓN DE LONGITUD FIJA |
| Campo de control de longitud fija |
260423t2023 xxu||||| |||| 00| 0 eng d |
| 020 ## - NÚMERO INTERNACIONAL NORMALIZADO PARA LIBROS (ISBN) |
| Número Internacional Normalizado para Libros (ISBN) |
9783031438271 |
| 020 ## - NÚMERO INTERNACIONAL NORMALIZADO PARA LIBROS (ISBN) |
| Número Internacional Normalizado para Libros (ISBN) |
9783031438264 |
| 040 ## - FUENTE DE LA CATALOGACIÓN |
| Centro catalogador de origen |
Unicoc |
| Lengua de catalogación |
spa |
| Centro que cataloga |
Bogotá (Dr. David Ordóñez Rueda) - Campus Norte |
| Centro modificador |
Bogotá (Dr. David Ordóñez Rueda) - Campus Norte |
| 082 ## - NÚMERO DE LA CLASIFICACIÓN DECIMAL DEWEY |
| Número de clasificación |
617.60285 |
| 100 ## - PUNTO DE ACCESO PRINCIPAL - NOMBRE DE PERSONA |
| 9 (RLIN) |
13038 |
| Nombre de persona |
Orhan, Kaan |
| 245 ## - MENCIÓN DE TÍTULO |
| Título |
Artificial intelligence in dentistry |
| Mención de responsabilidad etc. |
/ Kaan Orhan, Rohan Jagtap |
| 250 ## - MENCIÓN DE EDICIÓN |
| Mención de edición |
1 Ed. |
| 260 ## - PUBLICATION, DISTRIBUTION, ETC. (IMPRINT) |
| Lugar de publicación distribución etc. |
Suiza : |
| Nombre del editor distribuidor etc. |
Springer , |
| Fecha de publicación distribución etc. |
2023. |
| 300 ## - DESCRIPCIÓN FÍSICA |
| Extensión |
363 páginas |
| Otras características físicas |
Ilustraciones, diagramas, tablas, gráficas |
| 500 ## - NOTA GENERAL |
| Nota general |
Incluye Bibliografía |
| 505 ## - NOTA DE CONTENIDO CON FORMATO |
| Título |
1. Introduction to artificial intelligence. -- |
| -- |
2. Understanding of ai in dental field with technical aspects. -- |
| -- |
3. Artificial intelligence from medicine to dentistry. -- |
| -- |
4. Applications of artificial intelligence in dentistry. -- |
| -- |
5. Applications of ai in endodontics and restorative dentistry. -- |
| -- |
6. Artificial neural networks for the design optimization of implants. -- |
| -- |
7. Outlook for ai in oral surgery and periodontics. -- |
| -- |
8. AI in orthodontics. -- |
| -- |
9. AI on oral mucosal lesion detection. -- |
| -- |
10. Impact of ai in obstructive sleep apnea. -- |
| -- |
11. Artificial intelligence in temporomandibular joint disorders. -- |
| -- |
12. Artificial intelligence for 3D printing and bioprinting. -- |
| -- |
13. Artificial intelligence in dental education. -- |
| -- |
14. Advantages, disadvantages, and limitations of ai in dental health. -- |
| -- |
15. Applications of machine learning and artificial intelligence in the Covid-19 pandemic. -- |
| -- |
16. Médico-legal problems of artificial intelligence. -- |
| -- |
17. Deep learning in image processing: part 1—types of neural networks, image segmentation. -- |
| -- |
18. Future perspectives of artificial intelligence in dentistry. |
| 526 ## - NOTA DE INFORMACIÓN SOBRE EL PROGRAMA DE ESTUDIO |
| Institución que aplica el campo |
Unicoc |
| 546 ## - NOTA DE LENGUA |
| Nota de lengua |
Inglés |
| 650 #0 - PUNTO DE ACCESO ADICIONAL DE MATERIA - TÉRMINO DE MATERIA |
| 9 (RLIN) |
10540 |
| Término de materia o nombre geográfico como elemento inicial |
Inteligencia Artificial |
| Subdivisión de forma |
Aplicaciones médicas |
| 650 #0 - PUNTO DE ACCESO ADICIONAL DE MATERIA - TÉRMINO DE MATERIA |
| 9 (RLIN) |
11097 |
| Término de materia o nombre geográfico como elemento inicial |
Odontología digital |
| 650 #0 - PUNTO DE ACCESO ADICIONAL DE MATERIA - TÉRMINO DE MATERIA |
| 9 (RLIN) |
13018 |
| Término de materia o nombre geográfico como elemento inicial |
Bioinformática |
| 650 #0 - PUNTO DE ACCESO ADICIONAL DE MATERIA - TÉRMINO DE MATERIA |
| 9 (RLIN) |
13017 |
| Término de materia o nombre geográfico como elemento inicial |
Aprendizaje automático |
| Subdivisión de materia general |
Medicina |
| 650 #0 - PUNTO DE ACCESO ADICIONAL DE MATERIA - TÉRMINO DE MATERIA |
| 9 (RLIN) |
13019 |
| Término de materia o nombre geográfico como elemento inicial |
Diagnóstico médico |
| Subdivisión de forma |
Métodos computarizados |
| 650 #0 - PUNTO DE ACCESO ADICIONAL DE MATERIA - TÉRMINO DE MATERIA |
| 9 (RLIN) |
13040 |
| Término de materia o nombre geográfico como elemento inicial |
Imagenología dental |
| Subdivisión de forma |
Procesamiento digital |
| 658 #0 - TÉRMINO DE INDIZACIÓN - OBJETIVO CURRICULAR |
| 9 (RLIN) |
8315 |
| Programa Académico |
Programa de Odontología |
| 658 #0 - TÉRMINO DE INDIZACIÓN - OBJETIVO CURRICULAR |
| 9 (RLIN) |
11722 |
| Programa Académico |
Especialización en Ortodoncia y Ortopedia Maxilar |
| 658 #0 - TÉRMINO DE INDIZACIÓN - OBJETIVO CURRICULAR |
| 9 (RLIN) |
8071 |
| Programa Académico |
Especialización en Endodoncia |
| 658 #0 - TÉRMINO DE INDIZACIÓN - OBJETIVO CURRICULAR |
| 9 (RLIN) |
8074 |
| Programa Académico |
Especialización en Rehabilitación Oral |
| 658 #0 - TÉRMINO DE INDIZACIÓN - OBJETIVO CURRICULAR |
| 9 (RLIN) |
8072 |
| Programa Académico |
Especialización en Periodoncia |
| 658 #0 - TÉRMINO DE INDIZACIÓN - OBJETIVO CURRICULAR |
| 9 (RLIN) |
8073 |
| Programa Académico |
Especialización en Prostodoncia |
| 700 ## - PUNTO DE ACCESO ADICIONAL - NOMBRE DE PERSONA |
| 9 (RLIN) |
13039 |
| Nombre de persona |
Jagtap, Rohan |
| 856 ## - LOCALIZACIÓN Y ACCESO ELECTRÓNICOS |
| Texto del enlace |
Acceso online exclusivo para comunidad Unicoc. |
| Identificador Uniforme del Recurso (URI) |
https://unicoceduco-my.sharepoint.com/:b:/g/personal/direccionbiblioteca_unicoc_edu_co/IQAAu5pgiigNTKchKmoG3jAHAY1v33yakcHxq5Xm1PtatYU |
| 942 ## - ENTRADA PARA ELEMENTOS AGREGADOS (KOHA) |
| Fuente de clasificación o esquema de ordenación en estanterías |
|
| Koha [por defecto] tipo de item |
Libro electrónico |